000 00685nam a2200253Ia 4500
001 Para_7347
003 CHAP
008 220125s9999 xx 000 0 und d
010 _a206235
040 _cCHAP
090 _aPA R-96
100 _aStakman, G. C.
_9172474
245 _aThe problem of specialization and variation in phytopathogenic fungi /
_c E.C. Stakman
300 _a19 p.
500 _aSobretiro de: Genética, 18 (3/4):372-389, 1936
650 _aHongos fitopatógenos
_956132
901 _aPA R-96
902 _aA
905 _a000000 0000000000 00
910 _a
942 _cPARA
942 _cPARA
_d1
999 _c206235
_d206235